| 000 | 00578nam a22001817a 4500 | ||
|---|---|---|---|
| 003 | CEME | ||
| 005 | 20210628202943.0 | ||
| 008 | 210126b xxu||||| |||| 00| 0 eng d | ||
| 020 | _a81-7319-590-0 | ||
| 040 | _c. | ||
| 082 | _a620.0045 PRE | ||
| 100 |
_aSuryaprakash, M.V Murthy, J.R.K Kumar, P.V Shashi _962520 |
||
| 245 | _aPrecision engineering proceedings of the third national conference on precision engineering,december 19-20,2003 | ||
| 260 |
_aNEW DELHI _bNAROSA PUBLISHING _c2004 |
||
| 300 | _aX,346 P | ||
| 650 |
_aPRECISION ENGINEERING _962521 |
||
| 942 |
_cBK _2ddc |
||
| 999 |
_c571609 _d571609 |
||